| 000 | 00417nam a2200121Ia 4500 | ||
|---|---|---|---|
| 008 | 210430s9999 xx 000 0 und d | ||
| 082 | _a660 C 853 C | ||
| 100 |
_a J. R. Backhurst, J. H. Harker, J.F. Richardson _9127643 |
||
| 245 |
_aCoulson & Richardson's Chemical Engineering _bSolutions for the problems in chemical engineering Volume-1 / |
||
| 260 |
_aIndia _bHeinemann _c2001 |
||
| 300 | _a332p | ||
| 942 |
_cBK _2ddc |
||
| 999 |
_c563247 _d563247 |
||